|
|
|
|
| LEADER |
00000cam a2200000 a 4500 |
| 001 |
1/124125 |
| 008 |
220112s2007####gr ||||||| |||| ||gre|| |
| 020 |
|
|
|a 9789600434392
|
| 040 |
|
|
|a GR-MyUa
|b gre
|c GR-MyUa
|e AACR2
|
| 041 |
1 |
|
|a gre
|
| 082 |
7 |
|
|a 944.083
|2 (23)
|
| 100 |
1 |
|
|a Magoudi, Ali.
|
| 245 |
1 |
0 |
|a Συναντήσεις :
|b η ψυχανάλυση του Φρανσουά Μιτεράν /
|c Ali Magoudi ; μετάφραση Αλίκη Κεραμίδα.
|
| 260 |
|
|
|a [Αθήνα] :
|b Κέδρος,
|c 2007.
|
| 300 |
|
|
|a 226 σ. ;
|c 21 εκ.
|
| 600 |
1 |
0 |
|a Mitterand, Francois,
|c 1916-1996.
|
| 650 |
|
0 |
|a Presidents
|z France
|v Biography.
|
| 651 |
|
0 |
|a France
|x Politics and government
|y 1981-1995.
|
| 700 |
1 |
|
|a Κεραμίδα, Αλίκη,
|e trlf
|
| 852 |
|
|
|a INST
|b LESVOS
|e 20220112
|h 944.083 MAG
|p 005100063086
|q 005100063086
|t BK
|y 0
|
| 970 |
|
|
|a Δημάκη
|b Μαρία
|z 12-01-2022
|